000 01123cam a2200289 a 4500
999 _c129160
_d129160
001 4035376
003 ARRUPE
005 20190307113206.0
008 980814s1998 dcu b 000 0 eng
010 _a 98041340
020 _a1557757585
040 _aDLC
_cDLC
_dDLC
043 _afb-----
050 0 0 _aHG187.5.A357
_bF6671998
082 0 0 _a332.1/0967
_221
245 0 0 _aFinancial sector development in Sub-Saharan African countries /
_cHassanali Mehran ... [et al.].
260 _aWashington, D.C. :
_bInternational Monetary Fund,
_c1998.
300 _aviii, 107 p. ;
_c28 cm.
490 1 _aOccasional paper ;
_vno. 169
504 _aIncludes bibliographical references (p. 105).
650 0 _aFinancial institutions
_zAfrica, Sub-Saharan.
_945067
700 1 _aMehran, Hassanali.
_945089
830 0 _aOccasional paper (International Monetary Fund) ;
_vno. 171.
_945090
906 _a7
_bcbc
_corignew
_d1
_eocip
_f19
_gy-gencatlg
942 _2lcc
_cMONOGRAPH